00637nam a2200205 45000010005000000030008000050050017000130080039000300200015000690350018000840400032001020410008001340820024001421000035001662450051002012600070002523000044003225040031003666000034003978226BD-RjUL20211208234539.0180114s1955 iluac b 000 0 eng a0226734838 a(BD-RjUL)8271 aDLCcDLCdDLCdBD-RjULbeng aeng00a925.2218bDEC 19701 aDe Santillana, Giorgio,d1902-14aThe crime of Galileo /cGiorgio De Santillana. aChicago :bUniversity of Chicago Press,cc1955 [Impression 1970]. axx, 338 p. :bports., diagrs. ;c24 cm. aBibliographical footnotes.10aGalilei, Galileo,d1564-1642.